EPI Právny systém Basic

Salvato in:
Dettagli Bibliografici
Natura: Periodico
Lingua:slovacco
Pubblicazione: Žilina Poradca podnikateľa
Soggetti:
Tags: Aggiungi Tag
Nessun Tag, puoi essere il primo ad aggiungerne!!

MARC

LEADER 00000nls$a2200000$$$4500
001 0098582
005 20250828080015.4
022 |a 2644-4674 
041 0 |a slo 
044 |a SK 
245 1 0 |a EPI Právny systém Basic 
264 1 |a Žilina  |b Poradca podnikateľa 
500 |a Do r. 2015 názov Zbierka zákonov SR a konsolidované znenia. 
500 |a Archív od roku 1945 
610 2 0 |a zákony 
610 2 0 |a predpisy